Religiosity, secularity, scientific-temper and welfare of all the creatures (Record no. 5746)

MARC details
000 -LEADER
fixed length control field 00508nam a2200169Ia 4500
008 - FIXED-LENGTH DATA ELEMENTS--GENERAL INFORMATION
fixed length control field 230917s9999||||xx |||||||||||||| ||und||
020 ## - ISBN
Price RS 995.00
040 ## - CATALOGING SOURCE
-- 5012656
Original cataloging agency VIVEKANANDA LIBRARY
041 ## - Language
-- English
082 ## - DDC NUMBER
Classification number 200 P886R
100 ## - MAIN ENTRY--PERSONAL NAME
Personal name Prasad, Anirudh
245 #0 - TITLE STATEMENT
Title Religiosity, secularity, scientific-temper and welfare of all the creatures
260 ## - PUBLICATION, DISTRIBUTION, ETC. (IMPRINT)
Place of publication, distribution, etc New Delhi
Name of publisher, distributor, etc Satyam Law International
Date of publication, distribution, etc 2022
300 ## - PHYSICAL DESCRIPTION
Pages xxiii, 383 p.
500 ## - GENERAL NOTE
General note 4573 11/10/2022 RK22/1714 14/10/2022 Main Budget
942 ## - ADDED ENTRY ELEMENTS (KOHA)
Koha item type Books
Holdings
Withdrawn status Lost status Damaged status Not for loan Location (home branch) Sublocation or collection (holding branch) Date acquired Koha issues (times borrowed) Koha full call number Accession No. Koha date last seen Koha item type
        VIVEKANANDA LIBRARY VIVEKANANDA LIBRARY 01/11/2022   200 P886R 377124 17/09/2023 Books
        VIVEKANANDA LIBRARY VIVEKANANDA LIBRARY 01/11/2022   200 P886R 377125 17/09/2023 Books
© Designed and Maintained by Vivekananda Library, MDU Rohtak